000 00341 a2200157 4500
001 57155
020 _a8508089570
040 _cAnchieta - Pituba
100 _aBrezina, Thomas
240 1 0 _aBoazinha? nem pensar!
_lpor
245 1 0 _aBoazinha? nem pensar!
300 _a86
362 0 _a2003
650 4 _aLiteratura juvenil
942 _cBK
999 _c57155
_d57155